Personnages des Barbapapa en images - Statistiques

Statistiques générales
  • Ce quiz a été pris 94 fois
  • Le résultat moyen est 7 sur 10
Statistiques - réponses
Par images Réponse % Correct
Barbamama
100%
Barbapapa
100%
Barbabelle
74%
Barbalala
74%
Barbouille
71%
Barbidur
64%
Barbidou
52%
Barbotine
45%
Barbibulle
44%
Lolita
32%
Aucun quiz correspondant
Distribution des résultats
% des personnes avec chaque résultat
Percentile par nombre de réponses
Votre historique - résultats
Vous n’avez pas pris ce quiz